[Event "Principal 2019/2020"]
[Site "Vitrolles"]
[Date "2020.03.07"]
[Round "8"]
[White "Baroyan, Davit"]
[Black "Rasolo, Loick"]
[Result "1-0"]
[WhiteElo "2210"]
[BlackElo "1977"]
[PlyCount "79"]

1. e4 c5 2. Nf3 d6 3. Bb5+ Bd7 4. Bxd7+ Qxd7 5. c4 Nc6 6. d4 cxd4 7. Nxd4 g6 8.
Nc3 Bg7 9. Nde2 Nf6 10. O-O O-O 11. f3 Rac8 12. b3 Rfd8 13. Bg5 h6 14. Bh4 g5
15. Bg3 e5 16. Bf2 b6 17. a4 Nh5 18. Qd2 Nf4 19. Ng3 Qe6 20. Nf5 Ne7 21. Nxe7+
Qxe7 22. a5 Qb7 23. axb6 axb6 24. Nb5 Ra8 25. Rxa8 Qxa8 26. Bxb6 Rd7 27. Rd1 g4
28. Be3 gxf3 29. gxf3 Kh8 30. Bxf4 exf4 31. Nd4 Be5 32. Nf5 Ra7 33. Qd5 Qg8+
34. Kh1 Qg6 35. Qd2 Qh5 36. Rf1 Ra3 37. c5 Rxb3 38. c6 Rxf3 39. Rc1 d5 40. Qxd5
1-0

[Event "Principal 2019/2020"]
[Site "Vitrolles"]
[Date "2020.03.07"]
[Round "8"]
[White "Madranges, Jean"]
[Black "Derige Kane, Yan"]
[Result "0-1"]
[WhiteElo "1698"]
[BlackElo "2234"]
[PlyCount "66"]

1. e4 c5 2. Nc3 d6 3. f4 Nc6 4. Nf3 g6 5. Bb5 Bd7 6. O-O Bg7 7. d3 Nf6 8. Bxc6
Bxc6 9. Qe1 e6 10. Qh4 Nd7 11. Qh3 Qe7 12. Re1 O-O-O 13. a4 Kb8 14. Qg3 f5 15.
e5 dxe5 16. Nxe5 Nxe5 17. fxe5 Rd4 18. Bg5 Qe8 19. Re2 Rf8 20. Nb5 Bxb5 21.
axb5 Qxb5 22. c4 Qd7 23. Ra3 Qc7 24. Bf4 Rfd8 25. Re3 Qb6 26. Qf2 h6 27. h4 Qc7
28. Rb3 Qe7 29. Qf3 R8d7 30. Qg3 Qd8 31. Qf3 g5 32. hxg5 hxg5 33. Bh2 f4 0-1

[Event "Principal 2019/2020"]
[Site "Vitrolles"]
[Date "2020.03.07"]
[Round "8"]
[White "Hamm, Fabien"]
[Black "Anton, Jose"]
[Result "1-0"]
[WhiteElo "2020"]
[BlackElo "1820"]
[PlyCount "45"]

1. e4 c5 2. Nf3 Nc6 3. Bb5 d6 4. O-O Bd7 5. Re1 Nf6 6. c3 a6 7. Bf1 Bg4 8. d4
cxd4 9. cxd4 e5 10. Be3 exd4 11. Bxd4 Be7 12. Nc3 Nxd4 13. Qxd4 Bxf3 14. gxf3
O-O 15. Rad1 Qc7 16. f4 Rad8 17. Bg2 Rfe8 18. Rd3 Qc5 19. Red1 b5 20. Ne2 Qh5
21. Qe3 Ng4 22. Qh3 f5 23. Qxh5 1-0

[Event "Principal 2019/2020"]
[Site "Vitrolles"]
[Date "2020.03.07"]
[Round "8"]
[White "Busson, Benoit"]
[Black "Avanesyan, Davit"]
[Result "0-1"]
[WhiteElo "1814"]
[BlackElo "2119"]
[PlyCount "62"]

1. d4 Nf6 2. Nc3 d5 3. Bg5 e6 4. e4 Be7 5. Bxf6 Bxf6 6. Nf3 c5 7. exd5 exd5 8.
Bb5+ Nc6 9. O-O O-O 10. Bxc6 bxc6 11. Ne5 Qd6 12. Re1 cxd4 13. Qxd4 Re8 14. Ne4
Qd8 15. Nxf6+ Qxf6 16. Nd3 Bf5 17. Qxf6 gxf6 18. Rxe8+ Rxe8 19. Re1 Rb8 20. b3
Rb6 21. Re3 Ra6 22. a4 Rb6 23. h4 Kf8 24. Nc5 Rb4 25. g3 Bxc2 26. Rc3 Bf5 27.
Rf3 Bc2 28. Rc3 Bg6 29. Nd3 d4 30. h5 dxc3 31. hxg6 Rxb3 0-1

[Event "Principal 2019/2020"]
[Site "Vitrolles"]
[Date "2020.09.07"]
[Round "9"]
[White "Derige Kane, Yan"]
[Black "Baroyan, Davit"]
[Result "1-0"]
[WhiteElo "2234"]
[BlackElo "2210"]
[PlyCount "119"]
[EventDate "1.??.??"]

1. d4 d5 2. c4 e6 3. Nc3 c6 4. e3 f5 5. Bd3 Nf6 6. Qc2 Ne4 7. Nge2 Bd6 8. O-O
Qc7 9. g3 h5 10. c5 Be7 11. f3 Nxc3 12. bxc3 b6 13. cxb6 axb6 14. e4 g6 15. Bf4
Bd6 16. Rab1 Nd7 17. Rfe1 Kf7 18. Bxd6 Qxd6 19. Nf4 e5 20. exf5 exf4 21. Re6
Qf8 22. Rbe1 g5 23. Qe2 Nf6 24. Rxf6+ Kxf6 25. Qe5+ Kf7 26. Qc7+ Kg8 27. Qxc6
Bb7 28. Qxb7 Re8 29. Qxd5+ Kg7 30. Qd7+ Qf7 31. f6+ Kxf6 32. Qf5+ Kg7 33. Qxg5+
Kf8 34. Rxe8+ Qxe8 35. Qf6+ Kg8 36. Qg5+ Kf8 37. Bg6 Qe3+ 38. Kg2 Qe2+ 39. Kh3
Qe6+ 40. Bf5 Qd6 41. Bc8 fxg3 42. Qf5+ Ke7 43. hxg3 Rg8 44. f4 Qc6 45. Bb7 Qe6
46. Qxe6+ Kxe6 47. c4 Rg7 48. Bc6 Rc7 49. Kh4 Kf5 50. d5 Re7 51. d6 Re2 52. Kh3
Ke6 53. d7 Rd2 54. a4 Ke7 55. Kh4 Kf6 56. Kxh5 Kf5 57. g4+ Kxf4 58. Bd5 Rh2+
59. Kg6 Rh8 60. Kf6 1-0